[Event "Eger Agria op"]
[Site "Eger"]
[Date "2005.07.26"]
[Round "3"]
[White "Ocnarescu, Victor"]
[Black "Nemeth, Laszlo"]
[Result "1-0"]
[WhiteElo "2118"]
[BlackElo "1980"]
[PlyCount "99"]
[EventDate "2005.07.18"]
[EventType "swiss"]
[EventRounds "9"]
[EventCountry "HUN"]
[SourceTitle "EXT 2008"]
[Source "ChessBase"]
[SourceDate "2007.11.25"]
[SourceVersion "1"]
[SourceVersionDate "2007.11.25"]
[SourceQuality "1"]

1. e4 Nf6 2. Nc3 d5 3. exd5 Nxd5 4. Bc4 e6 5. Nf3 Be7 6. 0-0 0-0 7. d4 a6 8. Ne4 Nd7 9. c3 b6 10. Bd3 Bb7 11. Qc2 h6 12. Re1 c5 13. Qe2 Qc7 14. dxc5 Nxc5 15. Nxc5 Bxc5 16. Ne5 Bd6 17. Bc2 Rac8 18. Ng4 Nf4 19. Bxf4 Bxf4 20. g3 Bg5 21. h4 Bf6 22. Qd3 Rfd8 23. Nxf6+ gxf6 24. Qh7+ Kf8 25. Qxh6+ Ke7 26. Be4 Rg8 27. Bxb7 Qxb7 28. Qf4 a5 29. Rad1 Rc6 30. Rd3 Qc8 31. Red1 f5 32. Qd4 Qc7 33. Qd7+ Qxd7 34. Rxd7+ Kf6 35. R7d6 Rc4 36. R1d4 b5 37. Ra6 Rxd4 38. cxd4 a4 39. Rb6 Rd8 40. Rxb5 Rxd4 41. a3 Kg6 42. Rb4 Rd2 43. Rxa4 Rxb2 44. Ra8 Ra2 45. a4 Kh5 46. a5 e5 47. a6 Kg6 48. a7 Kg7 49. Kf1 f4 50. gxf4 1-0

[Event "Bucharest Revolution Memorial"]
[Site "Bucharest"]
[Date "2004.12.15"]
[Round "1"]
[White "Nemeth, Francisc"]
[Black "Ocnarescu, Victor"]
[Result "1-0"]
[WhiteElo "2403"]
[BlackElo "2072"]
[PlyCount "53"]
[EventDate "2004.12.15"]
[EventType "swiss"]
[EventRounds "9"]
[EventCountry "ROU"]
[SourceTitle "CBM 104 Extra"]
[Source "ChessBase"]
[SourceDate "2005.03.01"]
[SourceVersion "1"]
[SourceVersionDate "2005.03.01"]
[SourceQuality "1"]

1. Nf3 Nf6 2. c4 g6 3. Nc3 d5 4. cxd5 Nxd5 5. e4 Nxc3 6. dxc3 Qxd1+ 7. Kxd1 Bg4 8. Kc2 Bxf3 9. gxf3 Nd7 10. h4 h5 11. f4 e6 12. f5 gxf5 13. exf5 e5 14. Bc4 Rg8 15. Bg5 Be7 16. f4 Nb6 17. Bb3 c5 18. f6 c4 19. fxe7 exf4 20. Rad1 cxb3+ 21. Kxb3 Nd7 22. Bxf4 Nc5+ 23. Kc2 Rg2+ 24. Kc1 Ne6 25. Bd6 Rc8 26. Rd5 Rc6 27. Ba3 1-0

[Event "San Agustin op 09th"]
[Site "Aviles"]
[Date "2004.08.27"]
[Round "8"]
[White "Ocnarescu, Victor"]
[Black "Kineva, Ekaterina"]
[Result "0-1"]
[WhiteElo "2034"]
[BlackElo "2129"]
[PlyCount "88"]
[EventDate "2004.08.21"]
[EventType "swiss"]
[EventRounds "9"]
[EventCountry "ESP"]
[SourceTitle "CBM 102 Extra"]
[Source "ChessBase"]
[SourceDate "2004.11.03"]
[SourceVersion "1"]
[SourceVersionDate "2004.11.03"]
[SourceQuality "1"]

1. e4 c5 2. Nf3 d6 3. d4 cxd4 4. Nxd4 Nf6 5. Nc3 a6 6. Bg5 e6 7. f4 Be7 8. Qf3 Qc7 9. 0-0-0 Nbd7 10. Bd3 h6 11. Bh4 g5 12. fxg5 Ne5 13. Qe2 Nfg4 14. h3 hxg5 15. Bg3 Nf6 16. Nf3 Nh5 17. Qf2 Bd7 18. Rhf1 0-0-0 19. Be2 Ng6 20. Nd4 Nhf4 21. Bg4 Rhf8 22. Bxf4 Nxf4 23. Nce2 Ng6 24. Rd3 Kb8 25. Rc3 Qa5 26. Ra3 Qc5 27. Rc3 Qa7 28. Qg3 Ne5 29. Nf3 Nxg4 30. Qxg4 f5 31. exf5 Rxf5 32. Ned4 Rf4 33. Qg3 Rxd4 34. Nxd4 Qxd4 35. Rd3 Qg7 36. Rdf3 Be8 37. Qg4 Qh6 38. Re3 e5 39. Rb3 d5 40. Qf5 Qd6 41. Re1 e4 42. Qh7 Ba4 43. Rc3 Bf6 44. Ra3 Bxb2+ 0-1

[Event "EU-ch U14"]
[Site "Budva"]
[Date "2003.09.13"]
[Round "1"]
[White "Margolin, Evgenij"]
[Black "Ocnarescu, Victor"]
[Result "1-0"]
[WhiteElo "2222"]
[BlackElo "2010"]
[PlyCount "61"]
[EventDate "2003.09.13"]
[EventType "swiss"]
[EventRounds "9"]
[EventCountry "YUG"]
[SourceTitle "CBM 096 Extra"]
[Source "ChessBase"]
[SourceDate "2003.10.22"]
[SourceVersion "2"]
[SourceVersionDate "2003.10.20"]
[SourceQuality "1"]

1. Nf3 Nf6 2. c4 g6 3. g3 Bg7 4. Bg2 0-0 5. d4 c6 6. 0-0 d5 7. cxd5 cxd5 8. Ne5 Nbd7 9. Nc3 e6 10. f4 a6 11. a4 Re8 12. Kh1 b6 13. b3 Bb7 14. Ba3 Rc8 15. Rc1 Nxe5 16. fxe5 Ng4 17. Qd3 Bh6 18. Rc2 Ne3 19. Bc1 Nxc2 20. Bxh6 Nb4 21. Qf3 Qe7 22. Nd1 Nc6 23. e3 Nb8 24. Nf2 Rc7 25. Qf4 Rec8 26. Ng4 Nd7 27. Bg5 Qf8 28. Nh6+ Kg7 29. Bf6+ Nxf6 30. Qxf6+ Kxh6 31. g4 1-0